LEADER 00835cam0-22002891i-450- 001 990006027590403321 005 19980601 035 $a000602759 035 $aFED01000602759 035 $a(Aleph)000602759FED01 035 $a000602759 100 $a19980601d1899----km-y0itay50------ba 101 0 $aita 102 $aIT 105 $ay-------001yy 200 1 $aRelazione sull'ispezione dell'Archivio Notarile di Napoli 1894$fper Antonio Jandoli 210 $aNapoli$cBideri$d1899 215 $aXVIII, 194 p.$d24 cm 676 $a351.71$v20$zita 700 1$aJandoli,$bAntonio$0403552 801 0$aIT$bUNINA$gRICA$2UNIMARC 901 $aBK 912 $a990006027590403321 952 $aMASSARI B 12$bs.i.$fFGBC 959 $aFGBC 996 $aRelazione sull'ispezione dell'Archivio Notarile di Napoli 1894$9580348 997 $aUNINA LEADER 00874nam0-2200325---450- 001 990008764360403321 005 20081124155320.0 010 $a2-7071-3213-6 035 $a000876436 035 $aFED01000876436 035 $a(Aleph)000876436FED01 035 $a000876436 100 $a20081124d2000----km-y0itay50------ba 101 0 $afre 102 $aFR 105 $a--------001yy 200 1 $aDictionnaire de gestion$bTexte imprimé$fÉlie Cohen 210 $aParis$cla Découverte$d2000 215 $axv 424 p.$d22 cm 225 1 $aDictionnaires Repères 610 0 $aGestion - Dictionnaires 676 $a658.003 700 1$aCohen,$bÉlie$0113643 801 0$aIT$bUNINA$gRICA$2UNIMARC 901 $aBK 912 $a990008764360403321 952 $a658.003 COH$bs.i.$fDECLI 959 $aDECLI 996 $aDictionnaire de gestion$9810735 997 $aUNINA LEADER 06623oam 22011654a 450 001 996582065003316 005 20230126212840.0 010 $a1-4798-2022-9 010 $a1-4798-0760-5 024 7 $a10.18574/9781479820221 035 $a(CKB)3710000000397672 035 $a(EBL)2008446 035 $a(SSID)ssj0001458421 035 $a(PQKBManifestationID)11822934 035 $a(PQKBTitleCode)TC0001458421 035 $a(PQKBWorkID)11443847 035 $a(PQKB)11075751 035 $a(MiAaPQ)EBC2008446 035 $a(DE-B1597)546989 035 $a(DE-B1597)9781479820221 035 $a(OCoLC)907677955 035 $a(MdBmJHUP)muse86918 035 $a(EXLCZ)993710000000397672 100 $a20150223d2015 uy 0 101 0 $aeng 135 $aur|n|---||||| 181 $ctxt 182 $cc 183 $acr 200 10$aDeath in the Shape of a Young Girl$eWomen's Political Violence in the Red Army Faction /$fPatricia Melzer 210 1$aNew York :$cNew York University Press,$d2015. 210 3$aBaltimore, Md. :$cProject MUSE,$d2021 210 4$d©2015. 215 $a1 online resource (624 p.) 225 0 $aGender and political violence series 300 $a"Also available as an ebook"--Title page verso. 311 $a1-4798-6407-2 320 $aIncludes bibliographical references and index. 327 $aIntroduction: "An excess of women's emancipation" : gender, political violence, and feminist politics -- The other half of the sky : revolutionary violence, the RAF, and the autonomous women's movement -- "Between a rock and a hard place" : the "betrayal" of motherhood among the women of the RAF and Movement 2nd June -- "Terrorist girls" and "wild furies" : feminist responses to media representations of women terrorists during the "German Autumn" of 1977 -- The gendered politics of starving : (state) power and the body as locus of political subjectivities in the RAF hunger strikes -- "We women are the better half of humanity anyway" : revolutionary politics, feminism, and memory in the writings of female terrorists -- Conclusion: "Can political violence be feminist?" 330 $aIn the early 1970s, a number of West German left-wing activists took up arms, believing that revolution would lead to social change. In the years to come, the bombings, shootings, kidnappings and bank robberies of the Red Army Faction (RAF) and Movement 2nd June dominated newspaper headlines and polarized legislative debates. Half of the terrorists declaring war on the West German state were women who understood their violent political actions to be part of their liberation from restrictive gender norms. As women participating in a brand of systematic violence usually associated with masculinity, they presented a cultural paradox, and their political decisions were viewed as gender transgressions by the state, the public, and even the burgeoning women?s movement, which considered violence as patriarchal and unfeminist. Death in the Shape of a Young Girl questions this separation of political violence from feminist politics and offers a new understanding of left-wing female terrorists? actions as feminist practices that challenged existing gender ideologies. Patricia Melzer draws on archival sources, unpublished letters, and interviews with former activists to paint a fresh and interdisciplinary picture of West Germany?s most notorious political group, from feminist responses to sexist media coverage of female terrorists to the gendered nature of their infamous hunger strikes while in prison. Placing the controversial actions of the Red Army Faction into the context of feminist politics, Death in the Shape of a Young Girl offers an innovative and engaging cultural history that foregrounds how gender shapes our perception of women?s political choices and of any kind of political violence. 410 0$aGender and political violence series. 606 $aPolitiska fo?rha?llanden$2sao 606 $aKo?nsroller$xpolitiska aspekter$2sao 606 $aPolitiskt va?ld$xgenusaspekter$2sao 606 $aKvinnliga revolutiona?rer$2sao 606 $aKvinnliga terrorister$2sao 606 $aTerrorismus$2gnd 606 $aFrau$2gnd 606 $aPolitik$2gnd 606 $aGewalt$2gnd 606 $aWomen terrorists$2fast$3(OCoLC)fst01178616 606 $aWomen revolutionaries$2fast$3(OCoLC)fst01178470 606 $aWomen political activists$2fast$3(OCoLC)fst01178374 606 $aSocial conditions$2fast$3(OCoLC)fst01919811 606 $aSex role$xPolitical aspects$2fast$3(OCoLC)fst01114616 606 $aPolitics and government$2fast$3(OCoLC)fst01919741 606 $aPolitical violence$2fast$3(OCoLC)fst01069902 606 $aFeminism$xPolitical aspects$2fast$3(OCoLC)fst00922695 606 $aFeminism$xPolitical aspects$zGermany$xHistory$y20th century 606 $aSex role$xPolitical aspects$zGermany$xHistory$y20th century 606 $aPolitical violence$zGermany$xHistory$y20th century 606 $aWomen political activists$zGermany$xHistory$y20th century 606 $aWomen revolutionaries$zGermany$xHistory$y20th century 606 $aWomen terrorists$zGermany$xHistory$y20th century 607 $aGermany$2fast 607 $aGermany$xSocial conditions$y20th century 607 $aGermany$xPolitics and government$y1945-1990 608 $aHistory. 608 $aHistory. 615 7$aPolitiska fo?rha?llanden. 615 7$aKo?nsroller$xpolitiska aspekter. 615 7$aPolitiskt va?ld$xgenusaspekter. 615 7$aKvinnliga revolutiona?rer. 615 7$aKvinnliga terrorister. 615 7$aTerrorismus 615 7$aFrau 615 7$aPolitik 615 7$aGewalt 615 7$aWomen terrorists. 615 7$aWomen revolutionaries. 615 7$aWomen political activists. 615 7$aSocial conditions. 615 7$aSex role$xPolitical aspects. 615 7$aPolitics and government. 615 7$aPolitical violence. 615 7$aFeminism$xPolitical aspects. 615 7$aFeminism$xPolitical aspects$xHistory 615 7$aSex role$xPolitical aspects$xHistory 615 7$aPolitical violence$xHistory 615 7$aWomen political activists$xHistory 615 7$aWomen revolutionaries$xHistory 615 7$aWomen terrorists$xHistory 676 $a363.325082/0943 700 $aMelzer$b Patricia$f1970-$01663060 801 0$bMdBmJHUP 801 1$bMdBmJHUP 906 $aBOOK 912 $a996582065003316 996 $aDeath in the Shape of a Young Girl$94128265 997 $aUNISA